000 00496nam a2200157Ia 4500
005 20260121165310.0
008 260121s9999 xx 000 0 und d
041 _amar
082 _a891.21
100 _aक्षीरसागर, हेमा
245 _aकालिदासिय सुक्ति
250 _a1
260 _bभारतीय विचार साधना पुणे
_c2017
300 _a142
650 _aसंस्कृत साहित्य
_9216393
999 _c369967
_d369967